| 000 | 01075cam a2200313 i 4500 | ||
|---|---|---|---|
| 999 |
_c20799 _d20799 |
||
| 001 | 1302699 | ||
| 005 | 20170120130149.0 | ||
| 008 | 770316s1977 ctua b 001 0 eng | ||
| 010 | _a 77003974 | ||
| 020 | _a0208016325 | ||
| 040 |
_aDLC _cDLC _dDLC |
||
| 043 | _ae-uk-en | ||
| 050 | 0 | 0 |
_aNC1479 _b.B37R53 1977 |
| 100 | 1 |
_aBeerbohm, Max, _cSir, _d1872-1956. |
|
| 240 | 1 | 0 | _aLiterary caricatures |
| 245 | 1 | 0 |
_aBeerbohm's literary caricatures : _bfrom Homer to Huxley / _cselected, introduced, and annotated by J. G. Riewald. |
| 260 |
_aHamden, Conn. : _bArchon Books, _c1977. |
||
| 300 |
_a295 p. : _bill. ; _c24 cm. |
||
| 500 | _aIncludes index. | ||
| 504 | _aBibliography: p. 287-291. | ||
| 650 | 0 |
_aAuthors _xCaricatures and cartoons. |
|
| 650 | 0 | _aEnglish wit and humor, Pictorial. | |
| 700 | 1 | _aRiewald, Jacobus Gerhardus. | |
| 740 | _aLiterary caricatures. | ||
| 942 |
_2lcc _cBOOKS _hNC1479 .B37R53 1977 |
||